Pakistan forigen,s policy / (Record no. 186956)

000 -LEADER
fixed length control field 00418 a2200157 4500
003 - CONTROL NUMBER IDENTIFIER
control field Nust
005 - DATE AND TIME OF LATEST TRANSACTION
control field 20230202134747.0
040 ## - CATALOGING SOURCE
Transcribing agency Nust
082 ## - DEWEY DECIMAL CLASSIFICATION NUMBER
Classification number 927.0954491,AMI
100 ## - MAIN ENTRY--PERSONAL NAME
Personal name Shahid M. Amin
9 (RLIN) 484
245 ## - TITLE STATEMENT
Title Pakistan forigen,s policy /
Statement of responsibility, etc. Shahid M. Amin
260 ## - PUBLICATION, DISTRIBUTION, ETC.
Place of publication, distribution, etc. Karachi
Name of publisher, distributor, etc. Oxford universty press
Date of publication, distribution, etc. 2000
300 ## - PHYSICAL DESCRIPTION
Extent 327
650 ## - SUBJECT ADDED ENTRY--TOPICAL TERM
Topical term or geographic name entry element Pakistan forigen,S policy
9 (RLIN) 108528
942 ## - ADDED ENTRY ELEMENTS (KOHA)
Source of classification or shelving scheme
Koha item type Book
Call number prefix 927.0954491,AMI
Holdings
Withdrawn status Lost status Source of classification or shelving scheme Damaged status Not for loan Permanent Location Current Location Shelving location Date acquired Total Checkouts Full call number Barcode Date last seen Date last checked out Price effective from Koha item type Public note
          Military College of Signals (MCS) Military College of Signals (MCS) General Stacks 12/12/2016 1 927.0954491,AMI MCS30750 12/09/2024 09/26/2024 12/12/2016 Book Almirah No. 59, Shelf No. 5
          Military College of Signals (MCS) Military College of Signals (MCS) General Stacks 12/12/2016   927.0954491,AMI MCS33816 12/08/2016   12/12/2016 Book Almirah No.75, Shelf No.5
© 2023 Central Library, National University of Sciences and Technology. All Rights Reserved.